000 00639nam a2200193 a 4500
001 BRCA_1536
005 20190320203450.0
008 980211s1997 mx-a---##b---#000-0#spa-#
020 _a9701807367
040 _aDLC
_cDLC
050 4 _aN6559.G6
_b.E26 1997
245 1 0 _aLos ecos de Mathias Goeritz
_bcatálogo de la exposición.
260 _aMéxico
_bINBA : Antiguo Colegio de San Ildefonso
_c1997
300 _a251 p.
_bil. (algunas a color)
_c30 cm.
600 1 4 _aGoeritz, Mathias
_d1915-
_vExposiciones
_94954
650 1 4 _aPintura mexicana
_vCatálogos
_ySiglo XX
_93781
650 1 4 _aEscultura mexicana
_ySiglo XX
_93754
942 _2lcc
_cB
999 _c1383
_d1383